แสดงรายละเอียดบรรณานุกรม
  กลับหน้าหลัก

Brief Record : Get Marc (ISO 2709) : E-mail record : QR code ปิดหน้าต่าง
E-books : เกี่ยวกับ Collections
LEADER 00000nam 2200000uu 4500
001    211193
003     ULIBM
008    020711s2015 th a 000 0 eng d
020    9781284041392
041    ^aeng
060  4 WY86 M423n 2015
100    Masters, Kathleen
245    Nursing theories :^ba framework for professional practice/^cKathleen Masters
250    2nd ed
260    Burlington,MA :^bJones&Bartlett Learning,^c2015
300    xviii,406 pages :^bill ;^c23 cm
504    ^aIncludes bibliographical references and index
650  4 Nursing Philosophy
650  4 ^aNursing models
650  4 ^aNursing Theory
999    ^aใช้งานได้ทุกระบบ
รายการนี้ยังไม่มีแท็ก
คุณยังไม่ได้ล็อกอิน คุณสามารถมีกิจกรรมร่วมกับเว็บไซต์ได้ แต่ต้องล็อกอินก่อน ::
  ล็อกอิน
ลำดับที่ ประเภท เลขเรียก สถานที่ สถานะ
1. การพยาบาล (ตำราหลัก)
การพยาบาล (ตำราหลัก)
WY86 M423n 2015 c.1 
  
การพยาบาลพื้นฐาน On Shelf
  ขอยืม
Note:งบประมาณปี2559
   [แสดง 1/1 รายการ]

รายการใกล้เคียง
    หัวเรื่อง [Nursing Philosophy]
    หัวเรื่อง [Nursing models]
    หัวเรื่อง [Nursing Theory]

BibComment


ยังไม่เคยถูกคอมเมนท์

คอมเมนท์ทรัพยากรรายการนี้
  คอมเมนท์: Nursing theories ..
Bib 211193

 
 
 

 Union Library Management : ULibM
Copyright 2026. All Rights Reserved.
скачать бесплатно без регистрации порно красивый секс HD Sex Hindi sex

xxx gou

xxxx

bfxxx

xxxwww

Секса Видео

xxxx

Секса Видео

detube

geilexxx

C99 Shell

worms shell

blod xxx video
Ebony Coed Rihanna Rimes Takes A Dick In Her Young Twat priyaa indian fuck anal and pusssy hardcore indian women xxx desi hardcore fucking part 1 bengalixxxcouple